| 000 | 01297nam a22002297a 4500 | ||
|---|---|---|---|
| 003 | OSt | ||
| 005 | 20260311114906.0 | ||
| 008 | 260311b |||||||| |||| 00| 0 eng d | ||
| 020 | _a9780008512972 | ||
| 040 | _aKenya National Library Service | ||
| 082 | _a823.92 FER | ||
| 100 | _aFerguson, Sarah | ||
| 245 |
_aA most intriguing lady / _cSarah Ferguson. |
||
| 300 |
_a358 pages : _c20 cm |
||
| 520 | _aWallflower Lady Mary Montagu Douglas Scott has a secret. Moving effortlessly unnoticed amongst the ballrooms and palaces of Queen Victoria, her sharp intelligence and keen powers of observation allow her to quietly solve society crimes, coming to the rescue of those whose pride and fortune is at stake.Overlooked and underestimated, Mary finds missing money, recovers stolen jewellery and saves reputations. When she meets Colonel Walter Trefusis, an unlikely and spirited alliance is formed. But Mary has more than met her match in her sleuthing partner. As she battles the expectations of society and her family, Mary must follow her heart, whatever the cost… | ||
| 650 | _aWomen spies — Fiction | ||
| 650 | _aAristocracy (Social class) — Fiction | ||
| 700 | _aKaye, Marguerite | ||
| 942 |
_2ddc _cBK _n0 |
||
| 999 |
_c491391 _d491391 |
||